उपन्यासकार भगवतीचरण वर्मा एक अध्यन / (Record no. 111437)
[ view plain ]
| 000 -LEADER | |
|---|---|
| fixed length control field | 01162nam a22002657a 4500 |
| 005 - DATE AND TIME OF LATEST TRANSACTION | |
| control field | 20170124102924.0 |
| 010 ## - LIBRARY OF CONGRESS CONTROL NUMBER | |
| LC control number | B-077056 |
| 020 ## - INTERNATIONAL STANDARD BOOK NUMBER | |
| Terms of availability | 125.00 |
| 035 ## - SYSTEM CONTROL NUMBER | |
| System control number | B-077056 |
| 037 ## - SOURCE OF ACQUISITION | |
| Source of stock number/acquisition | Cen Lib/Ret |
| 040 ## - CATALOGING SOURCE | |
| Original cataloging agency | DPL |
| Language of cataloging | HN |
| 082 ## - DEWEY DECIMAL CLASSIFICATION NUMBER | |
| Classification number | 823.08 |
| Item number | अरोड़ा |
| 100 ## - MAIN ENTRY--PERSONAL NAME | |
| Personal name | अरोड़ा, ललिता |
| 9 (RLIN) | 42813 |
| 245 ## - TITLE STATEMENT | |
| Title | उपन्यासकार भगवतीचरण वर्मा एक अध्यन / |
| Statement of responsibility, etc | ललिता अरोड़ा |
| 246 ## - VARYING FORM OF TITLE | |
| Title proper/short title | Upanyaskar bhagawaticharan verma ek addhyan |
| Remainder of title | by Lalita Arora |
| 260 ## - PUBLICATION, DISTRIBUTION, ETC. (IMPRINT) | |
| Place of publication, distribution, etc | नई दिल्ली |
| Name of publisher, distributor, etc | भारतीय ग्रन्थ निकेतन |
| Date of publication, distribution, etc | 2001 |
| 270 ## - ADDRESS | |
| Address | 2713,कूचा चेलान दरिया गंज |
| City | नई दिल्ली |
| Postal code | 110002 |
| 300 ## - PHYSICAL DESCRIPTION | |
| Extent | 198पृष्ठ. |
| Dimensions | 18सजिल्द |
| 650 ## - SUBJECT ADDED ENTRY--TOPICAL TERM | |
| Topical term or geographic name as entry element | हिंदी साहित्य |
| 9 (RLIN) | 42814 |
| 650 ## - SUBJECT ADDED ENTRY--TOPICAL TERM | |
| Topical term or geographic name as entry element | हिंदी उपन्यास |
| 9 (RLIN) | 42815 |
| 650 ## - SUBJECT ADDED ENTRY--TOPICAL TERM | |
| Topical term or geographic name as entry element | हिंदी लिटरेचर |
| 9 (RLIN) | 42816 |
| 650 ## - SUBJECT ADDED ENTRY--TOPICAL TERM | |
| Topical term or geographic name as entry element | हिंदी नावेल |
| 9 (RLIN) | 42817 |
| 700 ## - ADDED ENTRY--PERSONAL NAME | |
| 9 (RLIN) | 42583 |
| 942 ## - ADDED ENTRY ELEMENTS (KOHA) | |
| Source of classification or shelving scheme | Dewey Decimal Classification |
| Koha item type | Hindi Books |
| Classification part | 823.08 |
| Call number suffix | अरोड़ा |
| Withdrawn status | Lost status | Damaged status | Not for loan | Home library | Current library | Date acquired | Source of acquisition | Cost, normal purchase price | Total Checkouts | Full call number | Barcode | Date last seen | Date checked out | Copy number | Cost, replacement price | Price effective from | Koha item type |
|---|---|---|---|---|---|---|---|---|---|---|---|---|---|---|---|---|---|
| Central Library | Central Library | 01/08/2015 | Cen Lib/Ret | 125.00 | 1 | 823.08 अरोड़ा | B-077056 | 15/12/2023 | 13/12/2023 | 1 | 125.00 | 01/08/2015 | Hindi Books |
